000 00328 a2200157 4500
001 179058
020 _a
040 _cMagnum
100 _aGóes, Lúcia Pimentel
240 1 0 _aO circo da aranha
_lpor
245 1 0 _aO circo da aranha
362 0 _a1899
440 1 _aDo Brasil
697 _aMAGNITO: I/GERAL
942 _cBK
999 _c179058
_d179058